|
|
|
|
| LEADER |
00000cam a2200000 a 4500 |
| 001 |
108550 |
| 003 |
Ucuenca |
| 005 |
20231024063017.0 |
| 008 |
011041|2010 cl |||||r|||||||||||spa|| |
| 020 |
|
|
|a 978-956-220-301-2
|
| 040 |
|
|
|b spa
|
| 041 |
1 |
|
|a es
|
| 082 |
0 |
|
|a 616.89
|
| 100 |
1 |
|
|a Ivanovic-Zuvic R., Fernando
|9 101590
|
| 245 |
|
|
|a Psicopatología en la epilepsia
|c Fernando Ivanovic-Zuvic R.
|h imp
|
| 264 |
|
|
|a Santiago
|b Mediterráneo
|c 2010
|
| 300 |
|
|
|a 253 páginas:
|b tab
|c 21,5 cm
|
| 504 |
|
|
|a incl. ref.
|
| 505 |
1 |
|
|a Definición y clasificación de la epilepsia -- Epilepsia y ciclo vital -- Aspectos psicosociales en la epilepsia -- Calidad de vida y adaptación sicosocial -- Mujer, epilepsia y sexualidad -- Epilepsia y trastornos del ánimo -- Psicosis epilépticas -- Uso de fármacos anticonvulsivantes en la epilepsia y enfermedades psiquiátricas.
|
| 520 |
3 |
|
|a Este texto aborda aspectos relacionados con las manifestaciones clínicas de la enfermedad junto a los factores sociales involucrados. Muestra la experiencia vital del epiléptico, tanto en lo que se refiere a su desempeño habitual, como a las alteraciones psicopatológicas que puede presentar en el transcurso de su enfermedad. Está dirigido a todos los profesionales de la salud mental, incluyendo psiquiatras, psicólogos, neurólogos, asistentes sociales y otros, además de alumnos de pre y posgrado de los estudios vinculados. Es también de interés para los pacientes y sus familiares, quienes podrán informarse acerca de los aspectos psicológicos implicados, tales como las formas de presentación de las crisis, la calidad de vida y adaptación social durante las etapas del ciclo vital.
|
| 650 |
|
7 |
|a Enfermedades
|9 14736
|
| 650 |
|
0 |
|a Epilepsia
|9 44305
|
| 852 |
|
|
|a UC-CDJBV
|f Compra
|l 1
|m General
|p 20110414
|q 35.99
|r 2
|t 108550
|y 351129
|b 0
|d CDRC
|e CDRC
|g 616.89 SEGUNDO PISO
|z 2011-10-41
|
| 942 |
|
|
|c BK
|0 2
|2 ddc
|r ivan.verdugo@ucuenca.edu.ec
|
| 999 |
|
|
|c 60842
|d 60842
|